Nemecké triumfy SP v biatlone

Bibliographic Details
Main Author: (t-leh) (Author)
Format: Article
Language:Slovak
Subjects:

MARC

LEADER 00000nab a2200000 a 4500
001 vtls000606692
003 SK-MaSNL
005 20260304173601.0
008 160401c1996 xo 0 slo
015 |a SNBRB19rr/mm-uuuuu 
035 |a CL0606831 
040 |a SNKBUCL  |b slo  |c SNKBUCL  |e AACR2 
041 0 |a slo 
044 |a xo  |c SK 
080 |a 796.928.093.1(100)  |2 1981 
100 1 |a (t-leh)  |4 aut  |9 853339 
245 1 0 |a Nemecké triumfy  |b SP v biatlone  |c (t-leh) 
650 0 7 |a lyžovanie  |2 snkbucl  |9 3256 
655 7 |a články z novín a časopisov  |2 snkbucl  |9 267496 
773 0 |t Šport  |g Roč. 50, č. 281 (2. 12. 1996), s. 2 
850 |a Slovenská národná knižnica v Martine  |a MTA001 
852 |a SNK  |b KIS3GCP 
958 |a SK 
958 |a FI 
958 |a RK 
958 |a RBX 
999 |c 3004530  |d 3006460